A$AP Rocky Discography - Statistics

General Stats
  • This quiz has been taken 38 times
  • The average score is 39 of 84
Answer Stats
Hint Answer % Correct
LIVE.LOVE.A$AP Peso
89%
Don't Be Dumb HELICOPTER
76%
LIVE.LOVE.A$AP Sandman
73%
LIVE.LOVE.A$AP Demons
70%
LIVE.LOVE.A$AP Palace
70%
AT.LONG.LAST.A$AP Everyday
68%
AT.LONG.LAST.A$AP L$D
68%
LIVE.LONG.A$AP LVL
68%
AT.LONG.LAST.A$AP Holy Ghost
65%
AT.LONG.LAST.A$AP Jukebox Joints
65%
LIVE.LONG.A$AP Long Live A$AP
65%
LIVE.LOVE.A$AP Purple Swag
65%
LIVE.LONG.A$AP Fashion Killa
62%
LIVE.LOVE.A$AP Houston Old Head
62%
AT.LONG.LAST.A$AP Lord Pretty Flacko Jodye 2 (LPFJ2)
62%
LIVE.LONG.A$AP F**kin' Problems
59%
LIVE.LONG.A$AP 1Train
57%
LIVE.LOVE.A$AP Bass
57%
AT.LONG.LAST.A$AP Canal St.
57%
Don't Be Dumb I Smoked Away My Brain
57%
AT.LONG.LAST.A$AP M'$
57%
Don't Be Dumb STOLE YA FLOW
57%
Don't Be Dumb ROBBERY
54%
LIVE.LOVE.A$AP Wassup
54%
Don't Be Dumb DON'T BE DUMB / TRIP BABY
51%
LIVE.LONG.A$AP Goldie
51%
Don't Be Dumb PUNK ROCKY
51%
Don't Be Dumb STAY HERE 4 LIFE
51%
LIVE.LONG.A$AP Angels
49%
LIVE.LOVE.A$AP Leaf
49%
Don't Be Dumb ORDER OF PROTECTION
49%
LIVE.LONG.A$AP Phoenix
49%
Don't Be Dumb PLAYA
49%
TESTING Praise The Lord (Da Shine)
49%
Don't Be Dumb STFU
49%
Don't Be Dumb THE END
49%
TESTING A$AP Forever
46%
AT.LONG.LAST.A$AP Fine Whine
46%
LIVE.LOVE.A$AP Keep It G
46%
LIVE.LONG.A$AP PMW (All I Really Need)
46%
TESTING Purity
46%
LIVE.LOVE.A$AP Roll One Up
46%
LIVE.LOVE.A$AP Trilla
46%
Don't Be Dumb AIR FORCE (BLACK DEMARCO)
43%
AT.LONG.LAST.A$AP Electric Body
43%
AT.LONG.LAST.A$AP Excuse Me
43%
Don't Be Dumb STOP SNITCHING
43%
LIVE.LONG.A$AP Wild for the Night
43%
LIVE.LOVE.A$AP Acid Drip
41%
LIVE.LOVE.A$AP Brand New Guy
41%
TESTING Fukk Sleep
41%
LIVE.LOVE.A$AP Get Lit
41%
LIVE.LONG.A$AP Hell
41%
AT.LONG.LAST.A$AP JD
41%
LIVE.LONG.A$AP Jodye
41%
AT.LONG.LAST.A$AP Wavybone
41%
Don't Be Dumb WHISKEY (RELEASE ME)
41%
TESTING CALLDROPS
38%
TESTING Changes
38%
Don't Be Dumb FLACKITO JODYE
38%
LIVE.LONG.A$AP Ghetto Symphony
38%
AT.LONG.LAST.A$AP Pharsyde
38%
Don't Be Dumb SWAT TEAM
38%
AT.LONG.LAST.A$AP Back Home
35%
AT.LONG.LAST.A$AP Max B
35%
Don't Be Dumb NO TRESPASSING
35%
LIVE.LONG.A$AP Pain
35%
AT.LONG.LAST.A$AP Dreams
32%
Don't Be Dumb FISH N STEAK (WHAT IT IS)
32%
TESTING Hun43rd
32%
LIVE.LONG.A$AP I Come Apart
32%
LIVE.LONG.A$AP Purple Swag REMIX
32%
AT.LONG.LAST.A$AP Better Things
30%
TESTING Buck Shots
30%
Don't Be Dumb INTERROGATION (SKIT)
30%
LIVE.LONG.A$AP Suddenly
30%
TESTING Tony Tone
30%
AT.LONG.LAST.A$AP West Side Highway
30%
TESTING Distorted Records
27%
TESTING Gunz N Butter
27%
TESTING Black Tux, White Collar
24%
TESTING Kids Turned Out Fine
24%
TESTING Brotha Man
22%
TESTING OG Beeper
22%
No matching quizzes found
Score Distribution
Percent of People with Each Score
Percentile by Number Answered
Your Score History
You have not taken this quiz